| 000 | 00584nam a22001457a 4500 | ||
|---|---|---|---|
| 999 |
_c20231 _d20231 |
||
| 008 | 240507b ||||| |||| 00| 0 eng d | ||
| 082 |
_aDFil 344.0109599 _bL11 1988 |
||
| 245 |
_aThe labor code of the philippines : _band its implementing rules and regulations with appendices / _ccompiled and edited by Vicente B. Foz. |
||
| 250 | _a1988 edition. | ||
| 260 |
_aQuezon City : _bPhilippine law gazette, _c©1988. |
||
| 300 |
_aviii, 409 pages : _billustrations ; _c25 cm. |
||
| 500 | _aIncludes index. | ||
| 650 |
_aLabor laws and legislation _zPhilippines. _957273 |
||
| 942 |
_2ddc _cDFIL |
||